All the best : (Record no. 55752)

MARC details
000 -LEADER
fixed length control field 03833nam a22005417a 4500
001 - CONTROL NUMBER
control field DVD-007630-638
005 - DATE AND TIME OF LATEST TRANSACTION
control field 20110517031600.0
006 - FIXED-LENGTH DATA ELEMENTS--ADDITIONAL MATERIAL CHARACTERISTICS--GENERAL INFORMATION
fixed length control field a|||||r|||||00| 0
007 - PHYSICAL DESCRIPTION FIXED FIELD--GENERAL INFORMATION
fixed length control field vd cvaizu
008 - FIXED-LENGTH DATA ELEMENTS--GENERAL INFORMATION
fixed length control field 100506s2009 ii 138 g 00| 0 hin
010 ## - LIBRARY OF CONGRESS CONTROL NUMBER
LC control number DVD-007630-638
024 ## - OTHER STANDARD IDENTIFIER
Standard number or code DHIF2121S
Terms of availability 149.00
035 ## - SYSTEM CONTROL NUMBER
System control number DVD-007630-638
040 ## - CATALOGING SOURCE
Original cataloging agency DLC
Transcribing agency DLC
Modifying agency DLC
Description conventions amim
082 ## - DEWEY DECIMAL CLASSIFICATION NUMBER
Classification number DVD ALLT
245 00 - TITLE STATEMENT
Title All the best :
Remainder of title fun begins /
Statement of responsibility, etc Ajay Devagn Ffilms ; a Rohit Shetty film.
257 ## - COUNTRY OF PRODUCING ENTITY FOR ARCHIVAL FILMS
Country of producing entity India.
260 ## - PUBLICATION, DISTRIBUTION, ETC. (IMPRINT)
Place of publication, distribution, etc New Delhi :
Name of publisher, distributor, etc Moser Baer Entertainment,
Date of publication, distribution, etc p2009.
300 ## - PHYSICAL DESCRIPTION
Extent 1 videodisc of (DVD) (ca. 138 min.) :
Other physical details sd., col. ;
Dimensions 4 3/4 in.
Materials specified viewing copy.
500 ## - GENERAL NOTE
General note Accompanied by free DVD: Khud-daar / director, Ravi Tandon.
500 ## - GENERAL NOTE
General note Discs 1-2 together in one container.
500 ## - GENERAL NOTE
General note Originally released theatrically in 2009.
500 ## - GENERAL NOTE
General note Summary partially taken from container.
508 ## - CREATION/PRODUCTION CREDITS NOTE
Creation/production credits note Music, Pritam ; lyrics, Kumaar ; screenplay, Yunus Sajawal ; editor, Steven H. Bernard.
511 1# - PARTICIPANT OR PERFORMER NOTE
Participant or performer note Ajay Devgan, Fardeen Khan, Sanjay Dutt, Mugdha Godse, Bipasha Basu.
520 ## - SUMMARY, ETC.
Summary, etc Veer in greed of extracting extra pocket money from his step-brother Dharam, a business-honcho from London, tries to lie about his single status and puts it forth as 'happily married'. His friend Prem, a concept car expert, lends a helping hand in this falsely embossed projection. Veer and Prem land up in debts as they had opted for a short-cut to earn easy money. The two get into a bigger soup when Veer's step-brother, Dharam pays a sudden visit to their place.
538 ## - SYSTEM DETAILS NOTE
System details note 5.1 Digital sound, NTSC All region, with English subtitle,
546 ## - LANGUAGE NOTE
Language note In Hindi with English subtitles.
650 #0 - SUBJECT ADDED ENTRY--TOPICAL TERM
Topical term or geographic name as entry element Deception
Form subdivision Drama.
9 (RLIN) 33262
650 #0 - SUBJECT ADDED ENTRY--TOPICAL TERM
Topical term or geographic name as entry element Debtor and creditor
Form subdivision Drama.
9 (RLIN) 33263
650 #0 - SUBJECT ADDED ENTRY--TOPICAL TERM
Topical term or geographic name as entry element Stepbrothers
Form subdivision Drama.
9 (RLIN) 33264
700 1# - ADDED ENTRY--PERSONAL NAME
Personal name Devgan, Ajay,
Relator term production.
9 (RLIN) 33265
700 1# - ADDED ENTRY--PERSONAL NAME
Personal name Shetty, Rohit,
Dates associated with a name 1974-
Relator term direction.
9 (RLIN) 33266
700 0# - ADDED ENTRY--PERSONAL NAME
Personal name Pritam,
Relator term music.
9 (RLIN) 33267
710 2# - ADDED ENTRY--CORPORATE NAME
Corporate name or jurisdiction name as entry element Moser Baer Entertainment (Firm)
9 (RLIN) 33268
942 ## - ADDED ENTRY ELEMENTS (KOHA)
Source of classification or shelving scheme Dewey Decimal Classification
Item type CD-ROMs, DVDs, VHS
Classification part DVD
Call number suffix ALLT
Holdings
Withdrawn status Lost status Source of classification or shelving scheme Damaged status Not for loan Collection code Home library Current library Date acquired Source of acquisition Cost, normal purchase price Total Checkouts Full call number Barcode Date last seen Date last borrowed Copy number Cost, replacement price Price effective from Koha item type
    Dewey Decimal Classification     Fiction Central Library Central Library 23/08/2011 pioneer/1226/28.3.11 149.00 5 DVD ALLT DVD-007630 30/12/2015 19/12/2015 1 149.00 23/08/2011 CD-ROMs, DVDs, VHS
    Dewey Decimal Classification     Fiction Janak Puri Janak Puri 23/08/2011 pioneer/1226/28.3.11 149.00 8 DVD ALLT DVD-007632 18/06/2013 15/06/2013 1 149.00 23/08/2011 CD-ROMs, DVDs, VHS
    Dewey Decimal Classification     Fiction Karol Bagh Karol Bagh 23/08/2011 pioneer/1226/28.3.11 149.00 2 DVD ALLT DVD-007636 30/11/2012 16/11/2012 1 149.00 23/08/2011 CD-ROMs, DVDs, VHS
    Dewey Decimal Classification     Fiction Narela Narela 23/08/2011 pioneer/1226/28.3.11 149.00 3 DVD ALLT DVD-007637 01/08/2012 18/07/2012 1 149.00 23/08/2011 CD-ROMs, DVDs, VHS
    Dewey Decimal Classification     Fiction Patel Nagar Patel Nagar 23/08/2011 pioneer/1226/28.3.11 149.00 3 DVD ALLT DVD-007631 14/11/2013 17/10/2013 1 149.00 23/08/2011 CD-ROMs, DVDs, VHS
    Dewey Decimal Classification     Fiction R.K.Puram-8 R.K.Puram-8 23/08/2011 pioneer/1226/28.3.11 149.00 5 DVD ALLT DVD-007634 12/01/2013 26/12/2012 1 149.00 23/08/2011 CD-ROMs, DVDs, VHS
    Dewey Decimal Classification     Fiction Sarojini Nagar Sarojini Nagar 23/08/2011 pioneer/1226/28.3.11 149.00 15 DVD ALLT DVD-007633 02/11/2013 19/10/2013 1 149.00 23/08/2011 CD-ROMs, DVDs, VHS
    Dewey Decimal Classification     Fiction Shahdara Branch Shahdara Branch 23/08/2011 pioneer/1226/28.3.11 149.00   DVD ALLT DVD-007638 23/08/2011   1 149.00 23/08/2011 CD-ROMs, DVDs, VHS
    Dewey Decimal Classification     Fiction Vinoba Puri Vinoba Puri 23/08/2011 pioneer/1226/28.3.11 149.00 2 DVD ALLT DVD-007635 05/06/2013 31/05/2013 1 149.00 23/08/2011 CD-ROMs, DVDs, VHS

© Delhi Public Library
Hit Counter
free hit counter